000 00539nam a2200181Ia 4500
008 090123s9999 xx 000 0 und d
082 _b1120
100 _aनंदा गुलशन
245 _aसितारोंसे आगे
250 _a1
260 _bपाकेट संस्करण
300 _a183
600 _aनंदा गुलशन
630 _aसितारोंसे आगे
700 _aनंदा गुलशन
730 _aसितारोंसे आगे
942 _cBOOK
999 _c39204
_d39204